[Event "FRA-ch U18"]
[Site "Le Grand Bornand"]
[Date "2007.04.09"]
[Round "2"]
[White "Davy, Igor"]
[Black "L'Hermitte, Benjamin"]
[Result "0-1"]
[WhiteElo "1856"]
[BlackElo "2040"]
[PlyCount "64"]
[EventDate "2007.04.07"]
[EventType "swiss"]
[EventRounds "9"]
[EventCountry "FRA"]
[SourceTitle "CBM 118 Extra"]
[Source "ChessBase"]
[SourceDate "2007.07.04"]
[SourceVersion "1"]
[SourceVersionDate "2007.07.04"]
[SourceQuality "1"]

1. e4 c5 2. b4 e6 3. bxc5 Bxc5 4. d4 Bb6 5. Nf3 d5 6. e5 Nc6 7. c3 Bd7 8. Bd3 Nge7 9. 0-0 h6 10. Na3 a6 11. Nc2 Rc8 12. Ne3 0-0 13. Nh4 Na5 14. Ng4 Nf5 15. Nxf5 exf5 16. Nxh6+ gxh6 17. Bxh6 Qh4 18. Qc1 Rfe8 19. Bg5 Qh5 20. Qf4 Qg4 21. Qd2 Nc4 22. Qc1 Rc6 23. Re1 Bxd4 24. Be2 Bxf2+ 25. Kxf2 Qe4 26. Bf3 Qd3 27. Rd1 Nxe5 28. Be2 Qxc3 29. Qxc3 Rxc3 30. Rxd5 Bc6 31. Ra5 Rc2 32. Kf1 Rxe2 0-1